000 01456nac a22003251u 4500
010 _a 2007277136
020 _a1423912225 :
020 _a9781423912224 :
035 _a(OCoLC)ocm85847892
082 0 0 _a658.05
_bSHE
090 _c8775
_d8775
100 _aShelly, Gary B.
245 1 0 _aSystems analysis and design : CD /
_cGary B. Shelly, Thomas J. Cashman, Harry J. Rosenblatt.
250 _a7th ed.
260 _aBoston, MA :
_bThomson Course Technology,2008.
_cc2008.
300 _f1 CD-ROM (4 3/4 in.)
490 1 _aShelly Cashman series
500 _a CD-ROM entitled: Study tool for systems analysis and design.
500 _a Distributer: Bacca
511 _a Catalogued by: Sara
538 _aSystem requirements for accompanying disc: Pentium 133 MHz or higher processor (Pentium 3 recommended); 128 MB RAM; 120 MB of available hard disk space; Windows 98, NT, 2000, or XP; Internet Explorer 6.0 or better with javascript enabled; VGA, or higher resolution monitor set to 1024 by 768; internet connection; CD-ROM drive.
650 0 _aSystem analysis.
650 0 _aSystem design.
700 1 _aCashman, Thomas J.
700 1 _aRosenblatt, Harry J.
740 0 2 _aStudy tool for systems analysis and design.
800 1 _aShelly, Gary B.
942 _cCDB
_k658.05SHE
999 _c8775
_d8775